000 00498nam a22001817a 4500
003 OSt
005 20180116183922.0
008 180116b xxu||||| |||| 00| 0 eng d
020 _a9780262195027
040 _cDDC
082 _a629.89 SIE 2004
100 _aSiegwart, Roland; Nourbakhsh, Illah R.
_912341
245 _aIntroduction to Autonomous Mobile Robots
300 _aix, 321p; ill: 24cm
504 _aBibliography, & index included
650 _aMobile robots
_912342
942 _2z
_cB_BANK
999 _c5947
_d5947